| 000 | 00506nam a2200157 i 4500 | ||
|---|---|---|---|
| 001 | 94353 | ||
| 003 | ES-MaACL | ||
| 005 | 20230906181446.0 | ||
| 007 | t| | ||
| 008 | 050428s1923 sp ||||1| spa d | ||
| 100 | 1 |
_aLópez Pérez, Joaquín. _973885 |
|
| 245 | 1 | 4 |
_aLos presupuestos generales del Estado para 1923-1924 _b: su crítica y su reforma / _cpor Joaquín López Pérez. |
| 260 |
_aAlmeria : _bSobrino de Isidro García Sempere, _c1923. |
||
| 300 |
_a44 p. ; _c4º. |
||
| 852 |
_aES-MaACL _j1655-F-3 |
||
| 999 |
_c94353 _d94353 |
||